Alle Städte und Gemeinden in Sachsen - Statistiken

Allgemein
  • Dieses Quiz wurde 5.965 mal gespielt
    4.638 seit der letzten Aktualisierung
  • Das Durchschnittsergebnis liegt bei 64 aus 418
Antworten auf der Karte
Die Antworten werden auf der Karte rot bzw. grün angezeigt, abhängig davon wie oft sie richtig erraten wurden.
 
Antwortstatistiken
Landkreis Bevölkerung Gemeinde % Korrekt
(kreisfreie Stadt) 556.227 Dresden
97%
(kreisfreie Stadt) 597.493 Leipzig
96%
(kreisfreie Stadt) 244.401 Chemnitz
92%
Görlitz 55.784 Görlitz
79%
Zwickau 87.516 Zwickau
79%
Bautzen 38.006 Bautzen
73%
Vogtlandkreis 64.014 Plauen
70%
Erzgebirgskreis 20.084 Aue-Bad Schlema
67%
Meißen 28.231 Meißen
66%
Sächsische Schweiz-Osterzgebirge 38.284 Pirna
60%
Mittelsachsen 39.948 Freiberg
58%
Görlitz 24.738 Zittau
55%
Bautzen 31.790 Hoyerswerda
52%
Meißen 29.256 Riesa
52%
Meißen 33.843 Radebeul
51%
Sächsische Schweiz-Osterzgebirge 39.405 Freital
48%
Nordsachsen 19.768 Torgau
48%
Erzgebirgskreis 19.393 Annaberg-Buchholz
47%
Bautzen 18.597 Radeberg
47%
Meißen 7.268 Radeburg
47%
Mittelsachsen 23.467 Döbeln
42%
Leipzig 28.149 Grimma
41%
Leipzig 24.664 Markkleeberg
41%
Sächsische Schweiz-Osterzgebirge 3.511 Bad Schandau
39%
Nordsachsen 24.755 Delitzsch
39%
Nordsachsen 13.917 Oschatz
39%
Görlitz 15.640 Weißwasser/O.L.
39%
Sächsische Schweiz-Osterzgebirge 11.962 Neustadt i. Sa.
37%
Vogtlandkreis 979 Neustadt/Vogtl.
37%
Nordsachsen 18.287 Schkeuditz
37%
Leipzig 19.120 Borna
36%
Sächsische Schweiz-Osterzgebirge 7.880 Altenberg
35%
Zwickau 21.965 Glauchau
35%
Bautzen 16.998 Kamenz
35%
Meißen 20.694 Coswig
34%
Bautzen 10.788 Bischofswerda
33%
Mittelsachsen 14.356 Mittweida
33%
Leipzig 16.211 Wurzen
32%
Erzgebirgskreis 2.432 Auerbach
31%
Vogtlandkreis 18.048 Auerbach/Vogtl.
31%
Zwickau 18.167 Crimmitschau
30%
Nordsachsen 15.662 Eilenburg
30%
Görlitz 14.347 Löbau
30%
Erzgebirgskreis 2.055 Oberwiesenthal
30%
Vogtlandkreis 20.198 Reichenbach im Vogtland
30%
Görlitz 4.915 Reichenbach/O.L.
30%
Sächsische Schweiz-Osterzgebirge 14.180 Dippoldiswalde
29%
Sächsische Schweiz-Osterzgebirge 16.641 Heidenau
29%
Erzgebirgskreis 16.168 Schwarzenberg/Erzgeb.
29%
Nordsachsen 15.709 Taucha
29%
Vogtlandkreis 3.638 Bad Elster
28%
Zwickau 23.711 Limbach-Oberfrohna
28%
Erzgebirgskreis 16.716 Marienberg
28%
Görlitz 9.198 Niesky
28%
Meißen 18.062 Großenhain
27%
Zwickau 14.310 Hohenstein-Ernstthal
27%
Vogtlandkreis 1.420 Limbach
27%
Leipzig 15.824 Markranstädt
27%
Meißen 10.510 Nossen
27%
Sächsische Schweiz-Osterzgebirge 9.365 Sebnitz
27%
Vogtlandkreis 1.484 Werda
27%
Sächsische Schweiz-Osterzgebirge 2.104 Königstein (Sächs. Schw.)
26%
Meißen 8.363 Moritzburg
26%
Erzgebirgskreis 13.790 Schneeberg
26%
Erzgebirgskreis 9.024 Zschopau
26%
Görlitz 3.681 Bad Muskau
24%
Vogtlandkreis 8.035 Klingenthal
24%
Erzgebirgskreis 10.983 Oelsnitz/Erzgeb.
24%
Vogtlandkreis 10.045 Oelsnitz/Vogtl.
24%
Erzgebirgskreis 11.235 Stollberg/Erzgeb.
24%
Mittelsachsen 10.607 Flöha
23%
Erzgebirgskreis 3.879 Johanngeorgenstadt
23%
Leipzig 9.273 Zwenkau
23%
Bautzen 9.942 Ottendorf-Okrilla
22%
Sächsische Schweiz-Osterzgebirge 339 Rathen
22%
Erzgebirgskreis 2.076 Seiffen/Erzgeb.
22%
Sächsische Schweiz-Osterzgebirge 14.444 Wilsdruff
22%
Nordsachsen 7.833 Bad Düben
21%
Mittelsachsen 9.145 Brand-Erbisdorf
21%
Görlitz 11.679 Ebersbach-Neugersdorf
21%
Zwickau 13.934 Meerane
21%
Bautzen 1.624 Neukirch
21%
Bautzen 4.806 Neukirch/Lausitz
21%
Sächsische Schweiz-Osterzgebirge 5.416 Tharandt
21%
Zwickau 20.471 Werdau
21%
Leipzig 8.087 Bad Lausick
20%
Leipzig 6.818 Geithain
20%
Sächsische Schweiz-Osterzgebirge 1.302 Reinhardtsdorf-Schöna
20%
Mittelsachsen 5.658 Rochlitz
20%
Mittelsachsen 13.784 Frankenberg/Sa.
19%
Sächsische Schweiz-Osterzgebirge 6.730 Glashütte
19%
Bautzen 7.433 Pulsnitz
19%
Vogtlandkreis 4.841 Adorf/Vogtl.
18%
Vogtlandkreis 1.807 Bad Brambach
18%
Mittelsachsen 10.530 Burgstädt
18%
Leipzig 8.374 Colditz
18%
Mittelsachsen 8.531 Hainichen
18%
Erzgebirgskreis 11.861 Zwönitz
18%
Leipzig 6.662 Böhlen
17%
Leipzig 8.219 Borsdorf
17%
Sächsische Schweiz-Osterzgebirge 1.011 Hartmannsdorf-Reichenau
17%
Nordsachsen 4.096 Krostitz
17%
Leipzig 8.721 Naunhof
17%
Sächsische Schweiz-Osterzgebirge 1.565 Stadt Wehlen
17%
Meißen 10.367 Weinböhla
17%
Mittelsachsen 4.508 Augustusburg
16%
Görlitz 4.337 Boxberg/O.L.
16%
Nordsachsen 4.189 Dahlen
16%
Meißen 4.325 Ebersbach
16%
Leipzig 5.460 Großpösna
16%
Zwickau 11.087 Lichtenstein/Sa.
16%
Erzgebirgskreis 7.000 Neukirchen/Erzgeb.
16%
Zwickau 3.872 Neukirchen/Pleiße
16%
Erzgebirgskreis 10.694 Olbernhau
16%
Görlitz 1.324 Oybin
16%
Nordsachsen 5.317 Rackwitz
16%
Sächsische Schweiz-Osterzgebirge 5.564 Stolpen
16%
Leipzig 9.638 Brandis
15%
Leipzig 12.420 Frohburg
15%
Mittelsachsen 4.421 Hartmannsdorf
15%
Zwickau 1.378 Hartmannsdorf b. Kirchberg
15%
Bautzen 4.565 Königsbrück
15%
Mittelsachsen 8.156 Leisnig
15%
Erzgebirgskreis 8.074 Lößnitz
15%
Leipzig 6.784 Machern
15%
Görlitz 3.264 Neusalza-Spremberg
15%
Mittelsachsen 8.624 Penig
15%
Sächsische Schweiz-Osterzgebirge 5.538 Bad Gottleuba- Berggießhübel
14%
Sächsische Schweiz-Osterzgebirge 11.083 Bannewitz
14%
Leipzig 4.995 Bennewitz
14%
Sächsische Schweiz-Osterzgebirge 6.163 Dohna
14%
Erzgebirgskreis 7.193 Eibenstock
14%
Vogtlandkreis 7.888 Falkenstein/Vogtl.
14%
Görlitz 5.787 Herrnhut
14%
Zwickau 8.166 Kirchberg
14%
Sächsische Schweiz-Osterzgebirge 4.533 Kreischa
14%
Meißen 4.807 Lommatzsch
14%
Meißen 5.483 Nünchritz
14%
Mittelsachsen 7.876 Oederan
14%
Leipzig 6.504 Pegau
14%
Mittelsachsen 7.410 Roßwein
14%
Meißen 5.509 Zeithain
14%
Bautzen 4.908 Arnsdorf
13%
Nordsachsen 7.647 Belgern-Schildau
13%
Vogtlandkreis 962 Bergen
13%
Bautzen 2.180 Bernsdorf
13%
Zwickau 6.344 Bernsdorf
13%
Mittelsachsen 1.536 Dorfchemnitz
13%
Bautzen 9.659 Großröhrsdorf
13%
Mittelsachsen 6.891 Hartha
13%
Görlitz 857 Kreba-Neudorf
13%
Bautzen 8.211 Lauta
13%
Mittelsachsen 7.063 Lichtenau
13%
Bautzen 1.632 Lichtenberg
13%
Mittelsachsen 2.673 Lichtenberg/Erzgeb.
13%
Nordsachsen 5.855 Mügeln
13%
Leipzig 6.811 Neukieritzsch
13%
Meißen 3.163 Priestewitz
13%
Leipzig 6.200 Rötha
13%
Görlitz 4.405 Rothenburg/O.L.
13%
Görlitz 3.622 Seifhennersdorf
13%
Erzgebirgskreis 5.968 Thalheim/Erzgeb.
13%
Leipzig 3.795 Trebsen/Mulde
13%
Mittelsachsen 8.845 Waldheim
13%
Sächsische Schweiz-Osterzgebirge 4.269 Dürrröhrsdorf-Dittersbach
12%
Erzgebirgskreis 4.638 Ehrenfriedersdorf
12%
Mittelsachsen 2.733 Frauenstein
12%
Erzgebirgskreis 3.385 Geyer
12%
Leipzig 7.579 Groitzsch
12%
Zwickau 4.503 Hartenstein
12%
Sächsische Schweiz-Osterzgebirge 765 Hermsdorf/Erzgeb.
12%
Sächsische Schweiz-Osterzgebirge 3.262 Hohnstein
12%
Nordsachsen 3.090 Jesewitz
12%
Leipzig 5.074 Kitzscher
12%
Erzgebirgskreis 8.524 Lauter-Bernsbach
12%
Vogtlandkreis 7.042 Lengenfeld
12%
Vogtlandkreis 7.362 Markneukirchen
12%
Zwickau 5.851 Oberlungwitz
12%
Görlitz 2.215 Ostritz
12%
Vogtlandkreis 4.845 Pausa-Mühltroff
12%
Vogtlandkreis 7.790 Treuen
12%
Zwickau 4.059 Waldenburg
12%
Bautzen 3.067 Weißenberg
12%
Nordsachsen 5.306 Wiedemar
12%
Zwickau 9.531 Wilkau-Haßlau
12%
Erzgebirgskreis 3.886 Wolkenstein
12%
Erzgebirgskreis 2.288 Bärenstein
11%
Leipzig 3.353 Belgershain
11%
Erzgebirgskreis 3.976 Crottendorf
11%
Nordsachsen 4.082 Doberschütz
11%
Nordsachsen 2.426 Dommitzsch
11%
Meißen 2.091 Glaubitz
11%
Meißen 6.932 Gröditz
11%
Sächsische Schweiz-Osterzgebirge 6.763 Klingenberg
11%
Nordsachsen 4.976 Mockrehna
11%
Nordsachsen 2.224 Naundorf
11%
Görlitz 1.719 Neißeaue
11%
Vogtlandkreis 2.971 Neumark
11%
Meißen 4.050 Niederau
11%
Erzgebirgskreis 7.472 Pockau-Lengefeld
11%
Leipzig 3.821 Regis-Breitingen
11%
Vogtlandkreis 6.361 Rodewisch
11%
Mittelsachsen 1.872 Altmittweida
10%
Sächsische Schweiz-Osterzgebirge 1.956 Dohma
10%
Leipzig 1.306 Elstertrebnitz
10%
Bautzen 915 Frankenthal
10%
Erzgebirgskreis 2.569 Jöhstadt
10%
Meißen 10.336 Klipphausen
10%
Sächsische Schweiz-Osterzgebirge 3.099 Lohmen
10%
Leipzig 6.035 Lossatal
10%
Zwickau 10.922 Mülsen
10%
Leipzig 1.373 Otterwisch
10%
Leipzig 3.559 Parthenstein
10%
Sächsische Schweiz-Osterzgebirge 4.400 Rabenau
10%
Bautzen 1.709 Ralbitz-Rosenthal
10%
Sächsische Schweiz-Osterzgebirge 1.585 Rosenthal-Bielatal
10%
Görlitz 2.400 Schleife
10%
Bautzen 2.964 Schmölln-Putzkau
10%
Görlitz 1.469 Schönau-Berzdorf a. d. Eigen
10%
Vogtlandkreis 3.114 Schöneck/Vogtl.
10%
Meißen 1.826 Schönfeld
10%
Zwickau 3.257 St. Egidien
10%
Erzgebirgskreis 5.056 Thum
10%
Nordsachsen 5.218 Wermsdorf
10%
Bautzen 4.786 Wilthen
10%
Nordsachsen 1.874 Arzberg
9%
Nordsachsen 4.122 Beilrode
9%
Mittelsachsen 5.622 Bobritzsch-Hilbersdorf
9%
Erzgebirgskreis 5.157 Breitenbrunn/Erzgeb.
9%
Erzgebirgskreis 970 Deutschneudorf
9%
Erzgebirgskreis 4.104 Gelenau/Erzgeb.
9%
Mittelsachsen 5.580 Großschirma
9%
Erzgebirgskreis 5.768 Grünhain-Beierfeld
9%
Zwickau 1.143 Hirschfeld
9%
Görlitz 1.673 Horka
9%
Görlitz 1.165 Königshain
9%
Mittelsachsen 2.580 Königshain-Wiederau
9%
Mittelsachsen 2.058 Kriebstein
9%
Nordsachsen 3.620 Laußig
9%
Zwickau 6.260 Lichtentanne
9%
Nordsachsen 2.088 Löbnitz
9%
Bautzen 5.187 Lohsa
9%
Erzgebirgskreis 7.907 Lugau
9%
Vogtlandkreis 3.770 Netzschkau
9%
Zwickau 2.243 Niederfrohna
9%
Görlitz 4.954 Oderwitz
9%
Vogtlandkreis 2.479 Pöhl
9%
Mittelsachsen 1.713 Sayda
9%
Zwickau 889 Schönberg
9%
Nordsachsen 2.597 Schönwölkau
9%
Bautzen 6.628 Sohland a. d. Spree
9%
Bautzen 1.832 Spreetal
9%
Bautzen 1.649 Steina
9%
Meißen 3.688 Strehla
9%
Sächsische Schweiz-Osterzgebirge 2.491 Struppen
9%
Leipzig 3.557 Thallwitz
9%
Bautzen 4.271 Wachau
9%
Bautzen 5.723 Wittichenau
9%
Sächsische Schweiz-Osterzgebirge 2.147 Bahretal
8%
Görlitz 3.298 Bernstadt a. d. Eigen
8%
Erzgebirgskreis 2.200 Bockau
8%
Bautzen 2.632 Burkau
8%
Erzgebirgskreis 6.091 Burkhardtsdorf
8%
Bautzen 4.587 Cunewalde
8%
Meißen 3.206 Diera-Zehren
8%
Sächsische Schweiz-Osterzgebirge 1.077 Dorfhain
8%
Vogtlandkreis 2.529 Ellefeld
8%
Vogtlandkreis 3.828 Elsterberg
8%
Bautzen 2.704 Elstra
8%
Görlitz 1.607 Gablenz
8%
Mittelsachsen 4.212 Geringswalde
8%
Zwickau 3.926 Gersdorf
8%
Sächsische Schweiz-Osterzgebirge 1.792 Gohrisch
8%
Görlitz 5.335 Großschönau
8%
Vogtlandkreis 1.645 Grünbach
8%
Erzgebirgskreis 3.461 Hohndorf
8%
Mittelsachsen 4.761 Jahnatal
8%
Görlitz 1.497 Jonsdorf
8%
Bautzen 3.394 Königswartha
8%
Bautzen 1.837 Laußnitz
8%
Sächsische Schweiz-Osterzgebirge 1.273 Liebstadt
8%
Mittelsachsen 4.133 Lunzenau
8%
Sächsische Schweiz-Osterzgebirge 1.923 Müglitztal
8%
Mittelsachsen 2.457 Mulda/Sa.
8%
Mittelsachsen 4.859 Niederwiesa
8%
Bautzen 2.445 Ohorn
8%
Görlitz 2.318 Oppach
8%
Bautzen 2.071 Panschwitz-Kuckau
8%
Bautzen 3.163 Radibor
8%
Sächsische Schweiz-Osterzgebirge 900 Rathmannsdorf
8%
Mittelsachsen 1.823 Rechenberg-Bienenmühle
8%
Görlitz 2.512 Rietschen
8%
Görlitz 1.573 Rosenbach
8%
Vogtlandkreis 4.111 Rosenbach/Vogtl.
8%
Bautzen 6.142 Schirgiswalde-Kirschau
8%
Erzgebirgskreis 2.345 Schlettau
8%
Vogtlandkreis 2.702 Steinberg
8%
Mittelsachsen 4.623 Striegistal
8%
Meißen 3.778 Thiendorf
8%
Mittelsachsen 1.766 Wechselburg
8%
Vogtlandkreis 5.753 Weischlitz
8%
Nordsachsen 2.872 Zschepplin
8%
Erzgebirgskreis 5.165 Zschorlau
8%
Erzgebirgskreis 3.676 Amtsberg
7%
Zwickau 4.932 Callenberg
7%
Mittelsachsen 3.004 Claußnitz
7%
Bautzen 1.022 Crostwitz
7%
Bautzen 2.637 Demitz-Thumitz
7%
Erzgebirgskreis 5.080 Drebach
7%
Nordsachsen 2.118 Dreiheide
7%
Erzgebirgskreis 2.809 Elterlein
7%
Mittelsachsen 4.013 Eppendorf
7%
Zwickau 5.065 Fraureuth
7%
Bautzen 3.020 Göda
7%
Erzgebirgskreis 3.749 Gornau/Erzgeb.
7%
Görlitz 1.070 Groß Düben
7%
Bautzen 2.832 Großharthau
7%
Bautzen 2.740 Großpostwitz/O.L.
7%
Görlitz 1.232 Hähnichen
7%
Mittelsachsen 5.101 Halsbrücke
7%
Meißen 1.966 Hirschstein
7%
Erzgebirgskreis 5.450 Jahnsdorf/Erzgeb.
7%
Meißen 2.748 Käbschütztal
7%
Görlitz 2.387 Kodersdorf
7%
Mittelsachsen 1.379 Königsfeld
7%
Erzgebirgskreis 2.196 Königswalde
7%
Görlitz 3.405 Krauschwitz
7%
Meißen 2.520 Lampertswalde
7%
Bautzen 4.637 Malschwitz
7%
Görlitz 966 Mücka
7%
Mittelsachsen 2.135 Mühlau
7%
Vogtlandkreis 3.017 Muldenhammer
7%
Vogtlandkreis 2.093 Neuensalz
7%
Mittelsachsen 2.555 Neuhausen/Erzgeb.
7%
Görlitz 4.550 Olbersdorf
7%
Bautzen 1.342 Rammenau
7%
Erzgebirgskreis 4.948 Raschau-Markersbach
7%
Zwickau 7.349 Reinsdorf
7%
Mittelsachsen 3.492 Rossau
7%
Erzgebirgskreis 2.054 Scheibenberg
7%
Erzgebirgskreis 4.289 Schönheide
7%
Erzgebirgskreis 6.307 Sehmatal
7%
Erzgebirgskreis 1.079 Tannenberg
7%
Mittelsachsen 2.340 Taura
7%
Erzgebirgskreis 3.207 Thermalbad Wiesenbad
7%
Nordsachsen 1.246 Trossin
7%
Zwickau 3.565 Wildenfels
7%
Görlitz 2.046 Bertsdorf-Hörnitz
6%
Nordsachsen 2.207 Cavertitz
6%
Bautzen 4.173 Doberschau-Gaußig
6%
Görlitz 962 Dürrhennersdorf
6%
Nordsachsen 1.385 Elsnig
6%
Bautzen 3.435 Elsterheide
6%
Mittelsachsen 3.141 Erlau
6%
Erzgebirgskreis 1.897 Gornsdorf
6%
Bautzen 4.268 Großdubrau
6%
Mittelsachsen 2.465 Großhartmannsdorf
6%
Erzgebirgskreis 2.773 Großolbersdorf
6%
Erzgebirgskreis 3.353 Großrückerswalde
6%
Mittelsachsen 2.739 Großweitzschen
6%
Erzgebirgskreis 3.339 Grünhainichen
6%
Bautzen 3.997 Haselbachtal
6%
Bautzen 2.250 Hochkirch
6%
Görlitz 7.206 Kottmar
6%
Zwickau 3.548 Langenbernsdorf
6%
Nordsachsen 2.958 Liebschützberg
6%
Görlitz 3.891 Markersdorf
6%
Erzgebirgskreis 3.388 Mildenau
6%
Görlitz 3.582 Mittelherwigsdorf
6%
Bautzen 1.208 Nebelschütz
6%
Bautzen 2.407 Neschwitz
6%
Erzgebirgskreis 1.310 Niederdorf
6%
Erzgebirgskreis 2.573 Niederwürschnitz
6%
Mittelsachsen 3.325 Oberschöna
6%
Bautzen 2.262 Oßling
6%
Bautzen 1.111 Räckelwitz
6%
Mittelsachsen 2.810 Reinsberg
6%
Zwickau 1.627 Remse
6%
Meißen 2.587 Röderaue
6%
Görlitz 1.083 Schönbach
6%
Bautzen 2.463 Schwepnitz
6%
Mittelsachsen 1.669 Seelitz
6%
Meißen 3.106 Stauchitz
6%
Bautzen 2.801 Steinigtwolmsdorf
6%
Erzgebirgskreis 3.104 Stützengrün
6%
Vogtlandkreis 1.036 Theuma
6%
Mittelsachsen 2.489 Weißenborn/Erzgeb.
6%
Görlitz 1.262 Weißkeißel
6%
Meißen 1.656 Wülknitz
6%
Mittelsachsen 668 Zettlitz
6%
Görlitz 1.129 Beiersdorf
5%
Erzgebirgskreis 972 Börnichen/Erzgeb.
5%
Vogtlandkreis 1.131 Bösenbrunn
5%
Zwickau 1.852 Crinitzberg
5%
Zwickau 1.286 Dennheritz
5%
Vogtlandkreis 1.165 Eichigt
5%
Bautzen 965 Großnaundorf
5%
Görlitz 1.263 Großschweidnitz
5%
Görlitz 1.511 Hainewalde
5%
Erzgebirgskreis 777 Heidersdorf
5%
Vogtlandkreis 1.948 Heinsdorfergrund
5%
Görlitz 1.881 Hohendubrau
5%
Bautzen 2.533 Kubschütz
5%
Zwickau 2.464 Langenweißbach
5%
Görlitz 1.808 Lawalde
5%
Mittelsachsen 3.257 Leubsdorf
5%
Görlitz 3.499 Leutersdorf
5%
Vogtlandkreis 1.280 Mühlental
5%
Bautzen 2.090 Obergurig
5%
Zwickau 1.004 Oberwiera
5%
Bautzen 808 Puschwitz
5%
Görlitz 1.244 Quitzdorf am See
5%
Görlitz 2.387 Schöpstal
5%
Vogtlandkreis 1.359 Tirpersdorf
5%
Görlitz 831 Trebendorf
5%
Vogtlandkreis 1.215 Triebel/Vogtl.
5%
Görlitz 1.645 Vierkirchen
5%
Görlitz 2.405 Waldhufen
5%
Keine übereinstimmenden Quizze gefunden
Verteilung der Resultate
Anzahl Personen mit jedem Resultat
Perzentil nach korrekt beantworteten Fragen
Ihre Resultats-Entwicklung
Sie haben dieses Quiz seit der letzten Aktualisierung nicht gespielt